1485 1348 1999 1115 1161 1673 1712 1466 1446 1007 1538 1797 1931 1934 1873 1460 1710 1381 1110 1242 1658 1196 1991 1127 1864 1213 1269 1459 1038 1558 1784 1268 1827 1201 1146 1207 1358 1173 1066 1786 1434 1331 1009 1904 1182 1960 1479 1458 1878 1242 1103 1829 1853 1811 1302 1849 1596 1440 1970 1653 1805 1117 1841 1589 1235 1743 1280 1800 1573 1052 1207 1612 1080 1408 1395 1202 1674 1484 1896 1232 1905 1469 1546 1318 1880 1994 1271 1891 1658 1402 1360 1252 1924 1548 1810 1950 1756 1900 1688 BCNSPRNW ULIB Ver.6.0+V

เปลี่ยนเป็นภาษาไทย

Change to English
 แสดงรายละเอียดบรรณานุกรม
  กลับหน้าหลัก

Brief Record : Get Marc (ISO 2709) : E-mail record : QR code < ปิดหน้าต่าง
LEADER : 00000nam 2200000uu 4500
001    13399109787
003     ULIB
008    110411s2552||||th 000 0 tha d
020    9789744664198
060 04 WW290^bม321ต 2552
100 0  มัญชิมา มะกรวัฒนะ
245 10 ต้อหิน ภัยเงียบ-- ที่จะพรากแสงสว่างจากคุณไปตลอดกาล /^cมัญชิมา มะกรวัฒนะ
250    พิมพ์ครั้งที่ 1
260    ปทุมธานี :^bโรงพิมพ์มหาวิทยาลัยธรรมศาสตร์,^c2552
300    115 หน้า :^bภาพประกอบสี ;^c22 ซม.
650  2 Glaucoma
650  2 Glaucoma^xsurgery
650  7 ต้อหิน
650  7 ต้อหิน^xการรักษา
650  7 ตา, โรค
945    ^p120^l0^i027020
945    ^p120^l0^i027021
995    เกษร
999 ^a ใช้งานได้ทุกระบบ
รายการนี้ยังไม่มีแท็ก
คุณยังไม่ได้ล็อกอิน คุณสามารถมีกิจกรรมร่วมกับเว็บไซต์ได้ แต่ต้องล็อกอินก่อน ::
  ล็อกอิน

รายการสื่อสารสนเทศ

ลำดับที่ ประเภท เลขเรียก/บาร์โค้ด สถานที่ สถานะ
1. วิทยาศาสตร์การแพทย์ และสุขภาพ
หนังสือสำรอง
สถานะ=หนังสือสำรอง
WW290 ม321ต 2552 ฉ.1 
  Barcode: 027020
ห้องสมุดวิทยาเขตสวรรค์ประชารักษ์
►ส่วนจัดเก็บหนังสือเก่า สปร
บนชั้น
  ขอยืม

รายการใกล้เคียง
    ผู้แต่ง [มัญชิมา มะกรวัฒนะ]

    หัวเรื่อง [Glaucoma]
    หัวเรื่อง [ต้อหิน]
    หัวเรื่อง [ตา, โรค]

BibComment


ยังไม่เคยถูกคอมเมนท์

คอมเมนท์ทรัพยากรรายการนี้
  คอมเมนท์: ต้อหิน ภัยเงียบ ท..


 Copyright 2026. Bcnsprnw @Library